The business of cities 2015 (Record no. 115432)

MARC details
000 -LEADER
fixed length control field 00994cam a22002175a 4500
001 - CONTROL NUMBER
control field L158644
008 - FIXED-LENGTH DATA ELEMENTS--GENERAL INFORMATION
fixed length control field 150520s2015 xxk f 000 0 eng d
035 ## - SYSTEM CONTROL NUMBER
System control number (Sirsi) u158644
041 0# - LANGUAGE CODE
Language code of text/sound track or separate title eng
110 2# - MAIN ENTRY--CORPORATE NAME
Corporate name or jurisdiction name as entry element Jones Lang LaSalle
9 (RLIN) 3755
245 04 - TITLE STATEMENT
Title The business of cities 2015
Medium [electronic resource]
260 ## - PUBLICATION, DISTRIBUTION, ETC.
Place of publication, distribution, etc. London
Date of publication, distribution, etc. JLL
Name of publisher, distributor, etc. 2015
520 ## - SUMMARY, ETC.
Summary, etc. Compares and evaluates sources of indices relating to performance of cities throught the world. Highlights 20 key indices, identfies key top performing cities identified in the top 6 performing indices headed by New York and London. Looks at the growth of global indices and their relationship with country and regional sources.
590 ## - LOCAL NOTE (RLIN)
Local note KA
650 24 - SUBJECT ADDED ENTRY--TOPICAL TERM
Topical term or geographic name entry element CITIES
650 24 - SUBJECT ADDED ENTRY--TOPICAL TERM
Topical term or geographic name entry element INDICES
651 #4 - SUBJECT ADDED ENTRY--GEOGRAPHIC NAME
Geographic name International
690 ## - LOCAL SUBJECT ADDED ENTRY--TOPICAL TERM (OCLC, RLIN)
Topical term or geographic name as entry element Commercial property
9 (RLIN) 6227
856 40 - ELECTRONIC LOCATION AND ACCESS
Uniform Resource Identifier <a href="https://www.jll.com/Research/jll-business-of-cities-report.pdf?43d05ebb-45b3-43e3-ab29-a736979ce141">https://www.jll.com/Research/jll-business-of-cities-report.pdf?43d05ebb-45b3-43e3-ab29-a736979ce141</a>
Public note View the item free of charge at www.jll.com website
942 ## - ADDED ENTRY ELEMENTS (KOHA)
Suppress in OPAC 0
Holdings
Withdrawn status Lost status Source of classification or shelving scheme Damaged status Not for loan Home library Current library Shelving location Date acquired Total Checkouts Full call number Barcode Date last seen Copy number Price effective from Koha item type
    Dewey Decimal Classification     Virtual Virtual Online 20/05/2015   ONLINE PUBLICATION 158644-2001 06/08/2019 1 06/08/2019 Book